Die 50. schönsten Frauen der Welt - Statistiken

Allgemein
  • Dieses Quiz wurde 64 mal gespielt
    14 seit der letzten Aktualisierung
  • Das Durchschnittsergebnis liegt bei 8 aus 50
Antwortstatistiken
Antwort % Korrekt
10 Jennifer Lopez
63%
6 Kim Kardashian
63%
26 Madison Beer
38%
2 Margot Robbie
38%
5 Dua Lipa
25%
21 Fernanda Brandao
25%
19 Lena Gercke
25%
20 Lena Meyer-Landrut
25%
23 Sylvie Meis
25%
1 Alexandra Daddario
13%
35 Alica Schmidt
13%
43 Alina Marzi
13%
38 Anna-Carina Woitschack
13%
30 Anna Gandler
13%
29 Anna Veith
13%
49 Aryna Sabalenka
13%
12 Beatrice Egli
13%
50 Becky Lynch
13%
37 CJ Perry
13%
14 Dorothea Wierer
13%
46 Elena Miras
13%
27 Gizem Emre
13%
3 Hailee Steinfeld
13%
13 Helene Fischer
13%
40 Jennifer Taylor
13%
8 Jenny McCarthy
13%
45 Jessica Haller
13%
44 Kristina Inhof
13%
18 Laura Wontorra
13%
36 Leah van Dale
13%
24 Lili Paul-Roncalli
13%
16 Lindsey Vonn
13%
32 Liv Morgan
13%
28 Melissa Naschenweng
13%
17 Mikaela Shiffrin
13%
4 Miley Cyrus
13%
15 Nele Ocik
13%
31 Nikki Garcia
13%
25 Pamela Reif
13%
7 Paris Hilton
13%
34 Patricija Ionel
13%
39 Pia Stutzenstein
13%
41 Rihanna Fenty
13%
48 Sarah Engels
13%
9 Shannon Elizabeth
13%
47 Sophia Flörsch
13%
22 Sophia Thomalla
13%
33 Tiffany Stratton
13%
42 Valentina Pahde
13%
11 Vanessa Mai
13%
Keine übereinstimmenden Quizze gefunden
Verteilung der Resultate
Anzahl Personen mit jedem Resultat
Perzentil nach korrekt beantworteten Fragen
Ihre Resultats-Entwicklung
Sie haben dieses Quiz seit der letzten Aktualisierung nicht gespielt